Evaluación del estado actual de los acueductos Barrio Jesús arriba, Barrio Jesús abajo y Concepción, ubicados en la parte media de la cuenca del rio Abangares, y propuestas para su mejoramiento
Saved in:
| Main Author: | |
|---|---|
| Other Authors: | |
| Format: | Book |
| Language: | Spanish |
| Published: |
[San José], Costa Rica
2023
|
| Subjects: | |
| Tags: |
Add Tag
No Tags, Be the first to tag this record!
|
MARC
| LEADER | 00000nam a2200000Ia 4500 | ||
|---|---|---|---|
| 003 | 013694 | ||
| 005 | 20230719102313.0 | ||
| 008 | 140116s2023 cr a 000 ||spa d | ||
| 040 | |c cru CEDI | ||
| 100 | |a Vargas López, Néstor, 1997- |9 973 | ||
| 245 | |a Evaluación del estado actual de los acueductos Barrio Jesús arriba, Barrio Jesús abajo y Concepción, ubicados en la parte media de la cuenca del rio Abangares, y propuestas para su mejoramiento | ||
| 260 | |a [San José], Costa Rica |c 2023 | ||
| 500 | |a Proyecto de graduación (licenciatura en ingeniería civil)--Universidad de Costa Rica. Facultad de Ingeniería. Escuela de Ingeniería Civil | ||
| 501 | |a Directora de Proyecto de Graduación: Ing. Paola Vidal Rivera | ||
| 610 | 0 | |9 975 |a Asociaciones Administradoras de los Sistemas de Acueductos y Alcantarillados Comunales - ADMINISTRACION - GUANACASTE (COSTA RICA) | |
| 650 | |x CALIDAD DEL AGUA - ANALISIS |x INGENIERIA HIDRAULICA |x INFRAESTRUCTURA (ECONOMIA) |x GUANACASTE (COSTA RICA) - SUMINISTRO DE AGUA - ADMINISTRACION |x ACUEDUCTOS - REPARACION Y MANTENIMIENTO | ||
| 700 | |9 2 |a Vidal Rivera, Paola Marcela 1979- |d Directora del TFG | ||
| 942 | |c CEDI |h TFG 8845 |6 TFG_8845_000000000000000 | ||
| 999 | |c 13271 |d 13271 | ||
